| 000 | nam a22 7a 4500 | ||
|---|---|---|---|
| 999 |
_c126527 _d126527 |
||
| 008 | 170724b xxu||||| |||| 00| 0 eng d | ||
| 050 | _aREF BJ63.E44 1998 | ||
| 245 |
_aEncyclopedia of applied ethics _cEdited by Chadwick, Ruth |
||
| 260 |
_aSan Diego _bAcademic Press _c1998 |
||
| 300 |
_axxxvi, 858p. ; _c29cm. _bVolume 1 A-D |
||
| 650 |
_aApplied ethics _xEncyclopedias _933474 |
||
| 700 |
_aChadwick, Ruth _eed. _933475 |
||
| 942 |
_2lcc _cMONOGRAPH |
||